000 00856nam a2200313 a 4500
003 AR-BaBNM
005 20251128204713.0
008 082120s2002 ||||||||||||||000 | spa||
020 _a950-10-0183-0
040 _cAR-BaBNM
100 1 _aBurghi, Juan
245 0 0 _aEl paisaje y su voz
_bglosas
250 _a8ª ed.
260 _aBuenos Aires
_bAbril
_c1986
300 _a192 p.
490 0 _aClásicos Huemul
_vv. 56
500 _aContiene referencias bibliográficas en p. 177
650 4 _aLITERATURA LATINOAMERICANA
650 4 _aLITERATURA FOLKLORICA
653 _aLITERATURA URUGUAYA
653 _aNARRATIVA
653 _aCOSTUMBRISMO
655 _aLITERATURA
700 1 _aSpinelli, Sara Matilde
_eprologuista
800 1 _aPellegrini, Juan Carlos
_edirector
800 1 _aRiba, Elsa
_edirector
942 _cBK
998 _cMARTIN
999 _c8497
_d8497